000 00447nam a2200181Ia 4500
008 230524s9999 xx 000 0 und d
020 _a9789384893651
082 _bRAM
100 _aDr. S. Ramachandran
_945109
245 0 _aManufacturing Technology
250 _a1
260 _aChennai
_bAirwalk Pub
_c2015
300 _a"C.14,TM33p;"
500 _aQuantity Number: 1
650 _aMechanics
700 _aR.Devaraj
_945110
942 _cBK
999 _c60725
_d60725